[Event "International Tournament "]
[Site "Paracin, Pool "]
[Date "2019.07.09"]
[Round "5.58"]
[White "Parnali, S Dharia"]
[Black "Mitev, Valentin"]
[Result "0-1"]
[WhiteElo "2145"]
[BlackElo "2296"]
[PlyCount "107"]
[EventDate "2019.07.05"]

1. Nf3 d5 2. g3 Nf6 3. Bg2 c6 4. O-O Bf5 5. b3 Nbd7 6. Bb2 e6 7. c4 Bd6 8. Nc3
O-O 9. d3 Qe7 10. Re1 e5 11. cxd5 cxd5 12. e4 dxe4 13. dxe4 Bg4 14. Qe2 Rac8
15. Qb5 Nc5 16. Nd2 Rfd8 17. Qf1 Bb8 18. Nd5 Nxd5 19. exd5 Bf5 20. Re3 f6 21.
Rae1 a6 22. Kh1 Qf7 23. Nc4 Ba7 24. g4 Bxg4 25. Bxe5 fxe5 26. Nxe5 Qf4 27. Nxg4
Qxg4 28. Bh3 Qh5 29. Bxc8 Qxd5+ 30. Qg2 Qxg2+ 31. Kxg2 Rxc8 32. b4 Na4 33. Re8+
Rxe8 34. Rxe8+ Kf7 35. Rc8 Bd4 36. Rd8 Bb2 37. Rd7+ Ke6 38. Rxb7 Bd4 39. Rb8
Nb6 40. Rb7 Nd5 41. a4 Kd6 42. b5 a5 43. Rb8 Kc7 44. Ra8 Bc3 45. Ra7+ Kb6 46.
Ra6+ Kb7 47. Rc6 Bb4 48. Rc1 Nc3 49. Ra1 Bc5 50. h4 Bd4 51. h5 h6 52. Kf3 Kb6
53. Kg4 Kc5 54. Kf5 0-1

[Event "International Tournament "]
[Site "Paracin, Pool "]
[Date "2019.07.09"]
[Round "5.59"]
[White "Eswaran, Ashritha"]
[Black "Mar, Karmen"]
[Result "1-0"]
[WhiteElo "2257"]
[BlackElo "2008"]
[PlyCount "83"]
[EventDate "2019.07.05"]

1. e4 c5 2. Nf3 d6 3. d4 cxd4 4. Nxd4 Nf6 5. Nc3 e6 6. Bg5 Be7 7. h4 a6 8. Qf3
Qc7 9. h5 h6 10. Be3 Nc6 11. Nxc6 Qxc6 12. Bd3 Bd7 13. a4 b6 14. Rg1 Qb7 15. g4
Nh7 16. Qg3 Bc6 17. f4 Nf6 18. e5 dxe5 19. fxe5 Ne4 20. Bxe4 Bxe4 21. O-O-O b5
22. Rgf1 Bh7 23. g5 hxg5 24. Bxg5 Rg8 25. Bxe7 Qxe7 26. Qf4 Rc8 27. Ne4 Bxe4
28. Qxe4 Qc7 29. Rd2 Qc4 30. Qf3 Rf8 31. Rfd1 bxa4 32. Qb7 Qc7 33. Qxa6 Ke7 34.
Qxa4 Rfd8 35. Rxd8 Rxd8 36. Qh4+ f6 37. exf6+ gxf6 38. Rg1 Qe5 39. Qb4+ Qd6 40.
Qb7+ Rd7 41. Rg7+ Ke8 42. Qxd7+ 1-0

[Event "International Tournament "]
[Site "Paracin, Pool "]
[Date "2019.07.09"]
[Round "5.60"]
[White "Maksimovic, Masa"]
[Black "Bratkovic, Sham"]
[Result "1/2-1/2"]
[WhiteElo "2102"]
[BlackElo "2237"]
[PlyCount "54"]
[EventDate "2019.07.05"]

1. d4 Nf6 2. e3 g6 3. Bd3 Bg7 4. c4 d6 5. Nc3 Nbd7 6. Nge2 e5 7. d5 O-O 8. f3
c6 9. e4 Qb6 10. Na4 Qd8 11. Be3 a6 12. Nac3 Rb8 13. b4 Ne8 14. Qb3 Qh4+ 15.
Bf2 Qg5 16. O-O f5 17. c5 Kh8 18. cxd6 Nxd6 19. dxc6 bxc6 20. Rfd1 a5 21. a3
Qe7 22. Qa4 axb4 23. axb4 Bb7 24. Rab1 Rfd8 25. Qc2 Qg5 26. Qc1 Qf6 27. Be3 f4
1/2-1/2

[Event "International Tournament "]
[Site "Paracin, Pool "]
[Date "2019.07.09"]
[Round "5.61"]
[White "Koljevic, Nikolina"]
[Black "Popovic, Djordje D"]
[Result "1/2-1/2"]
[WhiteElo "1960"]
[BlackElo "2227"]
[PlyCount "115"]
[EventDate "2019.07.05"]

1. e4 c5 2. Nf3 d6 3. d4 cxd4 4. Nxd4 Nf6 5. Nc3 a6 6. g3 e5 7. Nb3 Be7 8. Bg2
Nbd7 9. a4 b6 10. O-O O-O 11. Bg5 Bb7 12. Bxf6 Nxf6 13. Qe2 Qc7 14. Rfd1 Rac8
15. Rac1 Qc4 16. Qxc4 Rxc4 17. f3 Rfc8 18. Bh3 R8c7 19. Bf1 Rb4 20. Ra1 g5 21.
g4 h5 22. h3 hxg4 23. hxg4 Rd7 24. Rd2 d5 25. exd5 Rf4 26. Be2 Bb4 27. Rad1
Bxc3 28. bxc3 Rxd5 29. c4 Rxd2 30. Nxd2 Rd4 31. Kf2 a5 32. Ke3 Bc6 33. Rb1 Nd7
34. c3 Rd6 35. c5 bxc5 36. Bb5 Nb6 37. Ne4 Bxe4 38. Kxe4 f6 39. Rh1 Kg7 40. c4
Rd4+ 41. Kf5 Nxc4 42. Rc1 Ne3+ 43. Ke6 c4 44. Rc3 Nd5 45. Rxc4 Rxc4 46. Bxc4
Nc3 47. Bb5 e4 48. fxe4 Nxe4 49. Kd5 Nf2 50. Bd7 Nd1 51. Kc4 f5 52. gxf5 Kf6
53. Kd4 g4 54. Ke4 Nf2+ 55. Kf4 Nd3+ 56. Kg3 Ne5 57. Be6 Kg5 58. f6 1/2-1/2

[Event "International Tournament "]
[Site "Paracin, Pool "]
[Date "2019.07.09"]
[Round "5.62"]
[White "Bojicic, Andjela"]
[Black "Mullick, Raahil"]
[Result "0-1"]
[WhiteElo "1948"]
[BlackElo "2211"]
[PlyCount "98"]
[EventDate "2019.07.05"]

1. d4 d5 2. c4 c6 3. cxd5 cxd5 4. Nc3 Nf6 5. Bf4 Nc6 6. e3 a6 7. Bd3 e6 8. h3
Be7 9. Nf3 O-O 10. O-O Bd7 11. Qe2 b5 12. Ne5 Be8 13. Nxc6 Bxc6 14. Rfc1 Qd7
15. a4 bxa4 16. Bxa6 h6 17. Be5 Ra7 18. Bd3 Ne4 19. Bxe4 dxe4 20. Qc2 f6 21.
Bg3 f5 22. Be5 Rfa8 23. Ne2 Bd5 24. Nf4 Bb3 25. Qc6 Kf7 26. d5 Bxd5 27. Qc3 Bf8
28. h4 Kg8 29. h5 Rb7 30. Ng6 Bb4 31. Qd4 Bb3 32. Qxd7 Rxd7 33. Bd4 Bd2 34. Rc6
f4 35. Rb6 Rc8 36. Ne5 Rxd4 37. exd4 e3 38. fxe3 Bxe3+ 39. Kh2 Bxd4 40. Nc6
Bxb2 41. Ne7+ Kf7 42. Rxa4 Bxa4 43. Nxc8 Be5 44. Nd6+ Kf6 45. Ra6 Bd1 46. Ne4+
Kf5 47. Nc5 f3+ 48. g3 Be2 49. Ra2 f2 0-1

[Event "International Tournament "]
[Site "Paracin, Pool "]
[Date "2019.07.09"]
[Round "5.63"]
[White "Kantorik, Marian"]
[Black "Danaci, Ege"]
[Result "1/2-1/2"]
[WhiteElo "2196"]
[BlackElo "1976"]
[PlyCount "118"]
[EventDate "2019.07.05"]

1. d4 d5 2. c4 c6 3. Nf3 Nf6 4. Nc3 dxc4 5. a4 Bf5 6. e3 a5 7. Bxc4 e6 8. O-O
Nbd7 9. h3 Nb6 10. Be2 Nfd5 11. Ne5 Bd6 12. f4 Bxe5 13. dxe5 Nxc3 14. bxc3 Qxd1
15. Rxd1 O-O 16. Rd4 c5 17. Rd6 Nd5 18. Bf3 Nxc3 19. Bxb7 Rab8 20. Bf3 h6 21.
Bd2 Ne4 22. Bxa5 Rfc8 23. Rb6 Rxb6 24. Bxb6 c4 25. a5 c3 26. a6 c2 27. Rc1 Nc3
28. a7 Na2 29. Rxc2 Bxc2 30. a8=Q Rxa8 31. Bxa8 Nc3 32. Kf2 Kh7 33. Ba5 Ne4+
34. Kf3 Nc5 35. Bb6 Nd7 36. Bd4 g5 37. Bc6 Nf8 38. g3 Ng6 39. Bb6 Ne7 40. Bb7
Bd1+ 41. Kf2 g4 42. Be4+ Kg7 43. Ke1 Nd5 44. Bd4 Bb3 45. hxg4 Ne7 46. Kf2 Bd5
47. Bd3 Nc6 48. Bb6 Nb4 49. Bb1 Bb3 50. Bd8 Bd1 51. Bf6+ Kf8 52. g5 hxg5 53.
fxg5 Ke8 54. Be4 Bg4 55. Bf3 Nd3+ 56. Ke2 Nc1+ 57. Kd1 Bxf3+ 58. Kxc1 Kd7 59.
Kd2 Kc6 1/2-1/2

[Event "International Tournament "]
[Site "Paracin, Pool "]
[Date "2019.07.09"]
[Round "5.64"]
[White "Sahil, Tickoo"]
[Black "Osaka, Takuma"]
[Result "1-0"]
[WhiteElo "2187"]
[BlackElo "1972"]
[PlyCount "93"]
[EventDate "2019.07.05"]

1. d4 Nf6 2. c4 g6 3. Nc3 d5 4. cxd5 Nxd5 5. e4 Nxc3 6. bxc3 Bg7 7. Be3 c5 8.
Rc1 Qa5 9. Qd2 cxd4 10. cxd4 Qxd2+ 11. Kxd2 O-O 12. Nf3 Rd8 13. Ke1 Bg4 14. Be2
Nc6 15. d5 Bxf3 16. gxf3 Nd4 17. Rc4 Nb5 18. Rc5 Nc3 19. Bg5 Rdc8 20. Bxe7 Rxc5
21. Bxc5 Rc8 22. Be3 Nxa2 23. Kf1 Nc1 24. Bb5 a6 25. Bd7 Rd8 26. Bh3 Nb3 27.
Kg2 Bd4 28. Bf4 Nc5 29. Rd1 Bc3 30. Bc7 Ra8 31. d6 Ne6 32. Bxe6 fxe6 33. d7 Bf6
34. d8=Q+ Bxd8 35. Rxd8+ Rxd8 36. Bxd8 Kf8 37. Kg3 Ke8 38. Ba5 Kd7 39. Kf4 Kc6
40. Ke5 b6 41. Bc3 Kd7 42. Bd4 b5 43. Bc3 Ke7 44. Bb4+ Kf7 45. f4 h6 46. h4 h5
47. f3 1-0

[Event "International Tournament "]
[Site "Paracin, Pool "]
[Date "2019.07.09"]
[Round "5.65"]
[White "Shoshin, Kirill"]
[Black "Nestorovic, Katarina"]
[Result "1-0"]
[WhiteElo "2089"]
[BlackElo "2179"]
[PlyCount "89"]
[EventDate "2019.07.05"]

1. d4 Nf6 2. Bg5 g6 3. c4 Bg7 4. Nc3 d6 5. e4 O-O 6. Be2 h6 7. Be3 e5 8. d5 a5
9. Qd2 Kh7 10. h4 Ng4 11. Bxg4 Bxg4 12. f3 Bc8 13. h5 g5 14. g4 Qe7 15. Nh3 Bf6
16. O-O Ra6 17. Nf2 Nd7 18. Rfd1 Qd8 19. Rab1 Be7 20. a3 c5 21. b4 axb4 22.
axb4 Nb6 23. Qe2 cxb4 24. Rxb4 Nd7 25. Nd3 Qa5 26. Qc2 Qd8 27. Rdb1 Qc7 28. Nb5
Qb8 29. Ra4 Rxa4 30. Qxa4 Nf6 31. Nf2 Bd7 32. Qb3 Rc8 33. Na3 Qa8 34. Kg2 Qa6
35. Kg3 Ra8 36. Bc1 Rb8 37. Nd3 Bd8 38. Be3 Ba4 39. Qb2 Bd7 40. Ra1 b6 41. Nb5
Qc8 42. Nxd6 Qc7 43. Qxe5 Ng8 44. Nxf7 Qxe5+ 45. Ndxe5 1-0

[Event "International Tournament "]
[Site "Paracin, Pool "]
[Date "2019.07.09"]
[Round "5.66"]
[White "Vidic, Teja"]
[Black "Harisurya, Bharadwaj Gundepudi"]
[Result "1/2-1/2"]
[WhiteElo "2166"]
[BlackElo "1831"]
[PlyCount "117"]
[EventDate "2019.07.05"]

1. Nf3 d5 2. c4 c6 3. b3 Nf6 4. Bb2 Bf5 5. g3 e6 6. Bg2 Be7 7. O-O O-O 8. d3 h6
9. Nbd2 Nbd7 10. a3 a5 11. Ra2 Re8 12. Qa1 Bf8 13. Re1 Bh7 14. Bc3 Nb6 15. Ne5
Nfd7 16. e4 Nxe5 17. Bxe5 f6 18. Bc3 e5 19. Nf1 d4 20. Bd2 Nd7 21. b4 a4 22. c5
Kh8 23. Qd1 f5 24. exf5 Bxf5 25. Bc1 Nf6 26. Rae2 Qc7 27. h3 Rad8 28. Bb2 Re7
29. Rd2 Ra8 30. Qf3 Bg6 31. Rde2 Rae8 32. Nd2 Nd5 33. Ne4 Rf7 34. Qg4 Bf5 35.
Qh4 Bh7 36. Rd2 b6 37. cxb6 Qxb6 38. Qh5 Kg8 39. Qd1 Qb5 40. Qc2 Rc7 41. Rc1
Rec8 42. Qd1 Bxe4 43. Bxe4 Nf6 44. Bf5 Re8 45. Qc2 Kh8 46. Qc4 Qb6 47. b5 Qa5
48. Re2 c5 49. Rce1 Bd6 50. f4 Rce7 51. Bg6 exf4 52. Bxe8 f3 53. Bc3 Rxe2 54.
Bxa5 Rg2+ 55. Kh1 Bxg3 56. Rf1 Rh2+ 57. Kg1 Rg2+ 58. Kh1 Rh2+ 59. Kg1 1/2-1/2

[Event "International Tournament "]
[Site "Paracin, Pool "]
[Date "2019.07.09"]
[Round "5.67"]
[White "Krstic, Milos"]
[Black "Skuhala, Jernej"]
[Result "0-1"]
[WhiteElo "2050"]
[BlackElo "2290"]
[PlyCount "158"]
[EventDate "2019.07.05"]

1. e4 c6 2. d4 d5 3. Nc3 dxe4 4. Nxe4 Nf6 5. Nxf6+ exf6 6. Nf3 Bd6 7. Be2 O-O
8. O-O Re8 9. c4 Nd7 10. Be3 Nf8 11. Re1 Ng6 12. Bf1 Be6 13. Qc2 Bg4 14. Nd2 f5
15. f3 Qh4 16. g3 Bxg3 17. hxg3 Qxg3+ 18. Kh1 Qh4+ 19. Kg1 Qg3+ 20. Kh1 f4 21.
fxg4 fxe3 22. Nb3 Nh4 23. Qh2 Qxg4 24. Bh3 Qh5 25. Qg3 Nf3 26. Re2 Ng5 27. Rh2
Nf3 28. Bg4 Qxh2+ 29. Qxh2 Nxh2 30. Kxh2 g6 31. Kg3 f5 32. Bf3 Kg7 33. d5 cxd5
34. cxd5 Kf6 35. Nd4 g5 36. Rd1 Rad8 37. Rh1 g4 38. Bg2 Kg5 39. Ne2 h5 40. Nf4
e2 41. Ne6+ Rxe6 42. dxe6 f4+ 43. Kf2 f3 44. Bxf3 gxf3 45. Kxf3 Re8 46. Kxe2
Rxe6+ 47. Kf3 Rf6+ 48. Kg3 Rd6 49. Kf3 Rd2 50. Rg1+ Kh6 51. Rb1 h4 52. a4 Kh5
53. b4 Rd3+ 54. Kg2 Kg4 55. Rb2 Rg3+ 56. Kh2 h3 57. Rb1 Rg2+ 58. Kh1 Rc2 59.
Rb3 Ra2 60. a5 h2 61. Rc3 Rb2 62. Rc7 Rxb4 63. Kxh2 Kf3 64. a6 bxa6 65. Rxa7
Rb6 66. Kg1 Ke2 67. Re7+ Kd2 68. Rd7+ Kc2 69. Kf2 Re6 70. Ra7 Kb3 71. Rb7+ Ka4
72. Rb8 a5 73. Rb7 Ka3 74. Rb8 a4 75. Rb7 Re4 76. Rh7 Kb3 77. Kf3 Rb4 78. Rh1
a3 79. Rb1+ Kc3 0-1

[Event "International Tournament "]
[Site "Paracin, Pool "]
[Date "2019.07.09"]
[Round "5.68"]
[White "Jovanovic, Sasa T"]
[Black "Jonsson, Gauti Pall"]
[Result "1-0"]
[WhiteElo "2205"]
[BlackElo "2080"]
[PlyCount "67"]
[EventDate "2019.07.05"]

1. d4 Nf6 2. Bf4 g6 3. e3 Bg7 4. Nf3 O-O 5. h3 d6 6. Be2 Nfd7 7. Nc3 Nc6 8. d5
Nce5 9. O-O Nxf3+ 10. Bxf3 e5 11. dxe6 fxe6 12. Bg3 Be5 13. Bxe5 Nxe5 14. Be2
Bd7 15. f4 Nc6 16. a3 Qf6 17. Qd2 Ne7 18. Ne4 Qg7 19. g4 Bc6 20. Ng5 Qf6 21.
Bc4 Bd5 22. Bxd5 exd5 23. c3 h6 24. Nf3 Rae8 25. Rae1 c6 26. Qg2 Qg7 27. Nd4
Rf6 28. e4 Qf7 29. e5 dxe5 30. fxe5 Rxf1+ 31. Rxf1 Qg7 32. Rf6 Kh8 33. Ne6 Qg8
34. Qd2 1-0

[Event "International Tournament "]
[Site "Paracin, Pool "]
[Date "2019.07.09"]
[Round "5.69"]
[White "Karaoglan, Kivanc"]
[Black "Mihov, Filip"]
[Result "1-0"]
[WhiteElo "2062"]
[BlackElo "2188"]
[PlyCount "80"]
[EventDate "2019.07.05"]

1. e4 e6 2. d4 d5 3. e5 c5 4. c3 Qb6 5. Nf3 Nc6 6. Be2 cxd4 7. cxd4 Nh6 8. Bxh6
gxh6 9. Qd2 Bg7 10. Nc3 O-O 11. O-O f6 12. exf6 Rxf6 13. Bb5 Rxf3 14. gxf3 Nxd4
15. Be2 Bd7 16. Rad1 Rf8 17. Qe3 Kh8 18. a4 Qb4 19. f4 Nc6 20. Ne4 Bd4 21. Qd2
Qe7 22. Ng3 Qh4 23. f5 exf5 24. Bb5 Ne5 25. Kg2 Bxb5 26. axb5 Bb6 27. Qxd5 Ng4
28. h3 Bxf2 29. Rd3 f4 30. Nf5 Rxf5 31. Qd8+ Kg7 32. Rd7+ Rf7 33. Rxf7+ Kxf7
34. Qxh4 Bxh4 35. Rxf4+ Bf6 36. hxg4 Kg6 37. b3 Be7 38. Kf3 Bc5 39. Rf5 Be7 40.
Rd5 b6 1-0

[Event "International Tournament "]
[Site "Paracin, Pool "]
[Date "2019.07.09"]
[Round "5.70"]
[White "Pimpalkhare, Vedant"]
[Black "Gallevci, Yagiz"]
[Result "0-1"]
[WhiteElo "2150"]
[BlackElo "2036"]
[PlyCount "42"]
[EventDate "2019.07.05"]

1. b3 e5 2. Bb2 Nc6 3. c4 Nf6 4. Nc3 d5 5. cxd5 Nxd5 6. g3 Be6 7. Bg2 g6 8. Nf3
Bg7 9. O-O O-O 10. Ba3 Re8 11. Rc1 f5 12. e4 Ndb4 13. exf5 gxf5 14. Nh4 Nd3 15.
Rb1 e4 16. Qh5 Nd4 17. Bh3 Qf6 18. f4 b5 19. b4 Rab8 20. Nd1 Bf7 21. Qg5 Qb6
0-1

[Event "International Tournament "]
[Site "Paracin, Pool "]
[Date "2019.07.09"]
[Round "5.71"]
[White "Tadic, Katarina"]
[Black "Brankovic, Vladislav"]
[Result "1/2-1/2"]
[WhiteElo "2021"]
[BlackElo "2144"]
[PlyCount "46"]
[EventDate "2019.07.05"]

1. Nf3 d5 2. g3 Nf6 3. Bg2 e6 4. O-O Bd6 5. d4 Nbd7 6. c4 c6 7. Nc3 O-O 8. Nd2
Re8 9. e4 dxe4 10. Ndxe4 Nxe4 11. Nxe4 Nf6 12. Bg5 Be7 13. Nc3 h6 14. Be3 Bd6
15. f4 Bd7 16. Rb1 Qc7 17. Bf2 c5 18. Nb5 Bxb5 19. cxb5 Qb6 20. a4 Rac8 21. Kh1
Red8 22. Rc1 Nd5 23. f5 cxd4 1/2-1/2

[Event "International Tournament "]
[Site "Paracin, Pool "]
[Date "2019.07.09"]
[Round "5.73"]
[White "Patil, Mitali"]
[Black "Yurasova, Daria"]
[Result "1-0"]
[WhiteElo "2009"]
[BlackElo "2128"]
[PlyCount "53"]
[EventDate "2019.07.05"]

1. e4 d6 2. d4 Nf6 3. Nc3 e5 4. f4 Bg4 5. Be2 Bxe2 6. Ngxe2 exd4 7. Nxd4 Nc6 8.
Be3 Qd7 9. Qf3 Be7 10. Nf5 O-O-O 11. O-O-O Bf8 12. Rhe1 Re8 13. Bf2 g6 14. Ne3
Qe6 15. Ned5 Be7 16. Nb5 Bd8 17. Bh4 a6 18. Bxf6 axb5 19. Bxh8 Rxh8 20. Qd3 b4
21. Qb5 Re8 22. Re3 g5 23. fxg5 Qg4 24. Nf6 Qf4 25. Nxe8 Qxe3+ 26. Kb1 Qxe4 27.
Nf6 1-0

[Event "International Tournament "]
[Site "Paracin, Pool "]
[Date "2019.07.09"]
[Round "5.74"]
[White "Altun, Arda"]
[Black "Ratkovic, Petar"]
[Result "1-0"]
[WhiteElo "2124"]
[BlackElo "1954"]
[PlyCount "59"]
[EventDate "2019.07.05"]

1. e4 c6 2. d4 d5 3. f3 e6 4. Nc3 Nf6 5. Be3 Bb4 6. Bd3 dxe4 7. fxe4 Nxe4 8.
Nge2 Nf6 9. O-O Nbd7 10. Ng3 Nb6 11. Nh5 Nxh5 12. Qxh5 g6 13. Qe5 Rg8 14. Bg5
Qd6 15. Qf6 Qe7 16. Qf4 Qf8 17. Qc7 Bd7 18. Ne4 Be7 19. Bxe7 Kxe7 20. Nf6 Rg7
21. Qe5 Nd5 22. Ne4 f5 23. Rae1 Re8 24. a3 Ra8 25. c4 Nf6 26. Nc5 Qf7 27. d5
cxd5 28. cxd5 Ne4 29. Qc7 Kf8 30. dxe6 1-0

[Event "International Tournament "]
[Site "Paracin, Pool "]
[Date "2019.07.09"]
[Round "5.75"]
[White "Ashutosh, Kumar"]
[Black "Baylav, Can"]
[Result "1-0"]
[WhiteElo "1928"]
[BlackElo "2120"]
[PlyCount "102"]
[EventDate "2019.07.05"]

1. c4 Nf6 2. g3 g6 3. b3 Bg7 4. Bb2 O-O 5. Bg2 d6 6. Nf3 e5 7. O-O Re8 8. Nc3
c6 9. e4 Nbd7 10. Re1 a5 11. d4 exd4 12. Nxd4 Nc5 13. Qc2 Qb6 14. Rad1 a4 15.
h3 Nfd7 16. bxa4 Ne5 17. Bf1 Ne6 18. Nde2 c5 19. Nb5 Nf3+ 20. Kh1 Nxe1 21. Rxe1
Bd7 22. Bxg7 Kxg7 23. Qb2+ f6 24. Rd1 Bxb5 25. axb5 Ng5 26. Nf4 Nxe4 27. Bg2
Qa5 28. Bxe4 Rxe4 29. Rxd6 Qe1+ 30. Kg2 Rf8 31. Qc2 Rf7 32. Rd1 Rxc4 33. Qxc4
Qxd1 34. Ne6+ Kg8 35. Qxc5 Qd7 36. Qc4 h6 37. h4 f5 38. b6 Kh7 39. Nc5 Qe7 40.
a4 f4 41. Ne4 fxg3 42. fxg3 Qd7 43. a5 Qf5 44. Qd4 g5 45. hxg5 hxg5 46. Qd3 Kg6
47. Qd6+ Kh5 48. Qd1+ g4 49. Qd4 Rf8 50. Qc5 Qxc5 51. Nxc5 Rb8 1-0

[Event "International Tournament "]
[Site "Paracin, Pool "]
[Date "2019.07.09"]
[Round "5.76"]
[White "Anacoglu, Cisel"]
[Black "Kolbert, Engelbert"]
[Result "0-1"]
[WhiteElo "1869"]
[BlackElo "2096"]
[PlyCount "52"]
[EventDate "2019.07.05"]

1. e4 e6 2. d4 d5 3. Nd2 Nf6 4. e5 Nfd7 5. Bd3 c5 6. c3 Nc6 7. Ne2 cxd4 8. cxd4
f6 9. exf6 Nxf6 10. O-O Bd6 11. Nf3 Qc7 12. Bd2 O-O 13. Rc1 Qb8 14. Nc3 e5 15.
dxe5 Nxe5 16. Nxe5 Bxe5 17. h3 Be6 18. b3 Bd4 19. Nb5 Bb6 20. Bb4 Qf4 21. Bxf8
Rxf8 22. Qc2 Bxh3 23. Qc3 Bd7 24. Be2 Ne4 25. Qf3 Qh4 26. g3 Nxg3 0-1

[Event "International Tournament "]
[Site "Paracin, Pool "]
[Date "2019.07.09"]
[Round "5.77"]
[White "Anand, Batsukh"]
[Black "Toncheva, Nadya"]
[Result "0-1"]
[WhiteElo "1899"]
[BlackElo "2087"]
[PlyCount "120"]
[EventDate "2019.07.05"]

1. Nf3 c5 2. b3 Nc6 3. Bb2 d6 4. g3 e5 5. d3 g6 6. Bg2 Bg7 7. O-O Nge7 8. c4
O-O 9. Qd2 f5 10. Nc3 h6 11. h4 Be6 12. Ne1 f4 13. Ne4 Qd7 14. Kh2 Rf7 15. Nf3
Raf8 16. a3 Nf5 17. g4 Nfd4 18. Nxd4 exd4 19. f3 Bf6 20. Nxf6+ Rxf6 21. Rg1 Qe7
22. Bh3 g5 23. h5 Bd7 24. b4 Re6 25. Bf1 Re8 26. Rg2 Qd8 27. Rb1 R8e7 28. Bc1
Be8 29. Rb3 Ne5 30. Rb2 a6 31. Qc2 Qc8 32. a4 Nc6 33. Bd2 Nxb4 34. Bxb4 cxb4
35. Rxb4 Qc5 36. Qb2 Bc6 37. Rb3 Rc7 38. a5 d5 39. Rb4 Rd6 40. cxd5 Qxd5 41.
Rc4 Rdd7 42. Qa3 Qe5 43. Rg1 Rd5 44. Bg2 Rxa5 45. Qb2 Rc5 46. Rxc5 Qxc5 47. Rc1
Qd6 48. Qb3+ Kg7 49. Qb6 Re7 50. Bf1 Re5 51. Qa7 a5 52. Rc4 Rd5 53. Qb6 a4 54.
Qb2 b5 55. Rb4 Qc5 56. Bg2 Qc3 57. Qb1 Rc5 58. Kh3 Qc1 59. Rxb5 Bxb5 60. Qa2
Qe1 0-1

[Event "International Tournament "]
[Site "Paracin, Pool "]
[Date "2019.07.09"]
[Round "5.78"]
[White "Srimathi, R."]
[Black "Baterdene, Tsogbayar"]
[Result "0-1"]
[WhiteElo "1832"]
[BlackElo "2247"]
[PlyCount "158"]
[EventDate "2019.07.05"]

1. e4 c5 2. Nf3 d6 3. d4 cxd4 4. Nxd4 Nf6 5. Nc3 a6 6. h3 e5 7. Nde2 h5 8. Bg5
Be6 9. Bxf6 Qxf6 10. Nd5 Bxd5 11. Qxd5 Nc6 12. Nc3 Qe6 13. Bc4 Qxd5 14. Nxd5
Rb8 15. Nb6 Be7 16. c3 Bd8 17. Nd5 b5 18. Bd3 a5 19. b4 axb4 20. Nxb4 Nxb4 21.
cxb4 f5 22. exf5 d5 23. f3 Be7 24. Ke2 h4 25. Rhc1 Rh6 26. a3 Rhb6 27. Rc2 Kd8
28. Rac1 Ra6 29. Rc3 Rba8 30. Bxb5 Rxa3 31. Rxa3 Rxa3 32. Bc6 Ra2+ 33. Kf1 d4
34. Rd1 Kc7 35. b5 Bg5 36. Bd5 Rb2 37. Bc4 Be3 38. Be2 Kd6 39. Rd3 Kc5 40. Rd1
Kd5 41. Rd3 Bd2 42. Bd1 Bc3 43. Be2 e4 44. fxe4+ Kxe4 45. Rd1 Bd2 46. Bf3+ Kxf5
47. b6 Kf4 48. b7 Ke3 49. Ra1 d3 50. Rd1 Bc3 51. Rc1 Be5 52. Re1+ Kf4 53. Rd1
Ke3 54. Re1+ Kf4 55. Rd1 Rb3 56. Bd5 Ra3 57. Rb1 Bb8 58. Bf3 Ke3 59. Ke1 Ra2
60. Kd1 g5 61. Ke1 Rd2 62. Rd1 Bg3+ 63. Kf1 Rf2+ 64. Kg1 Rxf3 65. gxf3 Ke2 66.
Rf1 Bb8 67. Rf2+ Ke3 68. Kg2 d2 69. Rf1 Ke2 70. Rf2+ Kd3 71. Rf1 Kc2 72. f4
gxf4 73. Kf3 d1=Q+ 74. Rxd1 Kxd1 75. Kf2 Kd2 76. Kf3 Ke1 77. Kg2 Ke2 78. Kg1 f3
79. Kh1 f2 0-1

[Event "International Tournament "]
[Site "Paracin, Pool "]
[Date "2019.07.09"]
[Round "5.79"]
[White "Ostojic, Katarina"]
[Black "Rutten, Alexander"]
[Result "1/2-1/2"]
[WhiteElo "2164"]
[BlackElo "2010"]
[PlyCount "60"]
[EventDate "2019.07.05"]

1. d4 Nf6 2. Nf3 c5 3. e3 g6 4. dxc5 Qa5+ 5. Nbd2 Bg7 6. a3 Qxc5 7. b4 Qc7 8.
Bb2 O-O 9. Be2 d6 10. c4 Nc6 11. O-O e5 12. h3 b6 13. Rc1 Be6 14. c5 bxc5 15.
bxc5 d5 16. Qa4 Bd7 17. Qc2 Rfe8 18. Bb5 Rab8 19. Bxc6 Bxc6 20. Rb1 Nd7 21.
Rfc1 h6 22. Ba1 Rxb1 23. Rxb1 Qa5 24. Qc3 Qxc3 25. Bxc3 Nxc5 26. Bxe5 Bxe5 27.
Nxe5 Rxe5 28. Rc1 Ne4 29. Nxe4 dxe4 30. Rxc6 Ra5 1/2-1/2

[Event "International Tournament "]
[Site "Paracin, Pool "]
[Date "2019.07.09"]
[Round "5.81"]
[White "Farkas, Sandor I"]
[Black "Ilic, Ilija"]
[Result "1/2-1/2"]
[WhiteElo "2048"]
[BlackElo "1829"]
[PlyCount "44"]
[EventDate "2019.07.05"]

1. e4 d6 2. d4 Nf6 3. Nc3 g6 4. Nf3 Bg7 5. Be3 Nc6 6. d5 Ne5 7. Nxe5 dxe5 8.
Qd2 Ng4 9. Bg5 h6 10. Bh4 Nf6 11. O-O-O g5 12. Bg3 Nh5 13. Be2 Nf4 14. h4 c6
15. hxg5 hxg5 16. Rxh8+ Bxh8 17. Qe3 Qb6 18. Bxf4 exf4 19. Qf3 Bd7 20. Qh5
O-O-O 21. Qxf7 Bxc3 22. bxc3 Qxf2 1/2-1/2

[Event "International Tournament "]
[Site "Paracin, Pool "]
[Date "2019.07.09"]
[Round "5.82"]
[White "Srdanovic, Jovana"]
[Black "Liu, Hongyan"]
[Result "1/2-1/2"]
[WhiteElo "1975"]
[BlackElo "2033"]
[PlyCount "59"]
[EventDate "2019.07.05"]

1. d4 d5 2. c4 e6 3. Nc3 Be7 4. Nf3 Nf6 5. e3 O-O 6. Be2 b6 7. O-O Bb7 8. b3
Nbd7 9. Bb2 c5 10. Bd3 cxd4 11. exd4 Rc8 12. Qe2 Bd6 13. Nb5 Bb8 14. Ba3 Re8
15. Nd6 Bxd6 16. Bxd6 Ne4 17. Ba3 Ndf6 18. Bb2 Nh5 19. g3 Nhf6 20. Ne5 Ng5 21.
f3 h6 22. h4 Ngh7 23. Rac1 Nf8 24. Rf2 N6d7 25. f4 f6 26. Nf3 f5 27. cxd5 Rxc1+
28. Bxc1 Bxd5 29. Bb2 Nf6 30. Ne5 1/2-1/2